000 00514nam a22001697a 4500
005 20251108164126.0
008 250721s9999 xx 000 0 ara d
082 1 4 _a031.02/عمر
100 1 _aيوسف، عمرو
245 1 0 _aبنك المعلومات :
_b808 معلومة /
264 1 _aالقاهرة :
_bالمركز العربي للنشر و التوزيع،
_c[19-].
300 _a196ص
650 1 7 _aالأسئلة و الأجوبة
650 1 7 _aالثقافة
942 _2ddc
_cBK
999 _c4266
_d4266